La microempresa y el BID : el crédito a quién corresponde

Hace apenas 10 años, sólo unos pocos especialistas en los problemas del desarrollo conocían la palabra microempresa. Hoy, prueba del dinamismo de este sector, nadie que trabaje en el campo del desarrollo económico ignora sus contribuciones. Las actividades manufactureras, agrícolas, de servicios y d...

Full description

Bibliographic Details
Corporate Author: Banco Interamericano de Desarrollo
Format: Analitica de revista
Language:Spanish
Published: Santiago, Chile SUR 1993
Subjects:

MARC

LEADER 00000cab a2200000 a 4500
001 037713
003 UAHC_CL
005 20180115132212.0
008 140120s1993 cl 000 spa
952 |0 0  |1 0  |4 0  |6 PROPOSICIONES_23_93_000000000000000  |7 0  |8 COMP  |9 71729  |a BC  |b BC  |c COMP  |d 2017-08-03  |l 0  |o PROPOSICIONES-23/93  |r 2017-08-03 00:00:00  |t 1  |w 2017-08-03  |y REVA 
999 |c 37713  |d 37713 
040 |a UAHC_CL  |c UAHC_CL  |d UAHC_CL 
110 0 |a Banco Interamericano de Desarrollo 
245 1 3 |a La microempresa y el BID :  |b el crédito a quién corresponde   |c BID. 
260 |b SUR  |c 1993  |a Santiago, Chile 
300 |a pp. 175-181 
310 |a Anual. 
362 0 |a Año 1, no. 1 (nov. 2002)- . 
362 0 |a Año 1, no. 1 (nov. 2002)- . 
500 |a En: Proposiciones. no. 23, 1993. pp. 175-181. ISSN. 956208051X. 
520 |a Hace apenas 10 años, sólo unos pocos especialistas en los problemas del desarrollo conocían la palabra microempresa. Hoy, prueba del dinamismo de este sector, nadie que trabaje en el campo del desarrollo económico ignora sus contribuciones. Las actividades manufactureras, agrícolas, de servicios y de ventas en microescala han permitido alcanzar un nivel de vida aceptable a millones de trabajadores latinoamericanos pobres y sus familias. 
650 4 |a FINANCIAMIENTO DE EMPRESAS 
650 4 |a PEQUEÑAS EMPRESAS 
650 4 |a PEQUEÑAS EMPRESAS 
900 |a PROPOSICIONES-23/93 
942 |c REVA